[Event "4NCL 2017-18"]
[Site "England ENG"]
[Date "2018.03.18"]
[Round "8.13"]
[White "Edouard, Romain"]
[Black "Sarakauskas, Gediminas"]
[Result "1-0"]
[WhiteTitle "GM"]
[BlackTitle "IM"]
[WhiteElo "2621"]
[BlackElo "2424"]
[WhiteTeam "Guildford"]
[BlackTeam "Guildford"]
[WhiteFideId "633429"]
[BlackFideId "12800724"]
[EventDate "2017.11.11"]

1. c4 Nf6 2. Nc3 c5 3. Nf3 e6 4. g3 b6 5. Bg2 Bb7 6. O-O Be7 7. d4 cxd4 8. Qxd4
d6 9. Rd1 a6 10. b3 Nbd7 11. e4 Qc7 12. Ba3 Nc5 13. e5 dxe5 14. Qxe5 Qxe5 15.
Nxe5 Bxg2 16. Kxg2 Rc8 17. Rd4 Ncd7 18. Nxd7 Nxd7 19. Rad1 Rc7 20. Bb2 Nc5 21.
b4 Nd7 22. b5 Bf6 23. R4d2 a5 24. f4 Nc5 25. Rd6 Rb7 26. Ba3 Nd7 27. Rc6 1-0

[Event "4NCL 2017-18"]
[Site "England ENG"]
[Date "2018.03.18"]
[Round "8.14"]
[White "Ris, Robert"]
[Black "Lagarde, Maxime"]
[Result "1/2-1/2"]
[WhiteTitle "IM"]
[BlackTitle "GM"]
[WhiteElo "2429"]
[BlackElo "2604"]
[WhiteTeam "Guildford"]
[BlackTeam "Guildford"]
[WhiteFideId "1011480"]
[BlackFideId "662399"]
[EventDate "2017.11.11"]

1. e4 c5 2. Nf3 d6 3. d4 cxd4 4. Nxd4 Nf6 5. Nc3 a6 6. Bg5 Nc6 7. Bxf6 gxf6 8.
Qd2 h5 9. f4 Qb6 10. Nb3 e6 11. O-O-O Bd7 12. Be2 O-O-O 13. Rhf1 Be7 14. Rf3
Rdg8 15. Bf1 Kb8 16. Kb1 h4 17. Qe1 Rg4 18. Nd5 exd5 19. exd5 Ne5 20. fxe5 dxe5
21. d6 Bd8 22. h3 Ra4 23. Qc3 Bc6 24. Re3 Rg8 25. Nc5 Ra5 26. b4 Rxc5 27. Qxc5
Qxc5 28. bxc5 e4 29. Bc4 Rg5 30. Bxf7 Rxc5 31. c4 f5 32. Bd5 Bd7 33. Rb3 b6 34.
g4 fxg4 35. hxg4 Kc8 36. Rf1 b5 37. Rf7 bxc4 38. Bb7+ Kb8 39. Rb2 c3 40. Rxd7
cxb2 41. Rxd8+ Kxb7 42. d7 Rd5 43. g5 h3 44. Rh8 Rxd7 45. Rxh3 Kc6 46. g6 Rd1+
47. Kxb2 Rg1 48. Kc3 Rxg6 49. Kd4 Rg2 50. a4 Rd2+ 51. Kxe4 Kc5 52. Rh5+ Kc4 53.
Ke3 Rd3+ 54. Ke2 Rd4 55. a5 Rd5 1/2-1/2

[Event "4NCL 2017-18"]
[Site "England ENG"]
[Date "2018.03.18"]
[Round "8.15"]
[White "Pert, Nicholas"]
[Black "Wadsworth, Matthew J"]
[Result "1/2-1/2"]
[WhiteTitle "GM"]
[BlackTitle "FM"]
[WhiteElo "2543"]
[BlackElo "2354"]
[WhiteTeam "Guildford"]
[BlackTeam "Guildford"]
[WhiteFideId "403989"]
[BlackFideId "415804"]
[EventDate "2017.11.11"]

1. d4 d5 2. c4 c6 3. Nc3 Nf6 4. Nf3 dxc4 5. a4 Bf5 6. e3 e6 7. a5 a6 8. Bxc4
Nbd7 9. O-O Be7 10. Re1 O-O 11. e4 Bg4 12. Bf4 b5 13. axb6 Qxb6 14. Qd2 Bxf3 15.
gxf3 Rfd8 16. Na4 Qb7 17. Qe3 a5 18. Red1 Bb4 19. Bf1 Re8 20. Bg3 Rac8 21. Rac1
h6 22. Qe2 e5 23. Qa6 Qc7 24. Bh3 Bd6 25. dxe5 Bxe5 26. Nc5 Ra8 27. Qf1 Nxc5 28.
Rxc5 Bxg3 29. hxg3 Re5 30. Qc4 Rxc5 31. Qxc5 Rb8 32. Rd6 Qe7 33. Rxc6 Qxc5 34.
Rxc5 g6 35. e5 Nh7 36. f4 Nf8 37. Rxa5 Rxb2 38. Ra7 Rb6 39. Bf1 h5 40. Bc4 Ne6
41. Bd5 Kf8 42. Kg2 Ke8 43. Kh3 Kf8 44. Kh4 Ke8 45. f5 gxf5 46. f4 Kf8 47. Bxe6
Rxe6 48. Kxh5 Rg6 49. Kh4 Ke8 50. Rb7 Rg4+ 51. Kh3 Rg6 52. Ra7 Rh6+ 53. Kg2 Rg6
54. Kf3 Kf8 55. Rd7 Ke8 56. Rb7 Kf8 57. Kg2 Ke8 58. Rb3 Ke7 59. Kf2 Kd7 60. Kf3
Ke7 61. Rb1 Kd7 62. Rh1 Ke6 63. Kf2 Ke7 64. Rh8 Kd7 65. Kg2 Ke7 66. Rh7 Ke6 67.
Kh3 Ke7 68. Kg2 Ke6 69. Kh2 Ke7 70. Kh3 Ke6 71. Rh5 f6 72. exf6 Kxf6 73. Rh8 Rg4
74. Rh6+ Kg7 75. Rh5 Kf6 76. Rh6+ Kg7 77. Ra6 Kf7 78. Kg2 Ke7 79. Kf3 Kf7 80.
Rb6 Ke7 81. Rh6 Kf7 82. Rh3 Rg8 83. Ke3 Re8+ 84. Kd4 Re4+ 85. Kd5 Re3 86. Rh5
Rxg3 87. Rxf5+ Ke7 88. Ke4 Ra3 89. Rb5 Ra6 90. Kf5 Kf7 91. Rb7+ Kf8 92. Kg5 Rc6
93. f5 Ra6 94. f6 Ra1 1/2-1/2

[Event "4NCL 2017-18"]
[Site "England ENG"]
[Date "2018.03.18"]
[Round "8.16"]
[White "Povah, Nigel E"]
[Black "Le Roux, Jean-Pierre"]
[Result "0-1"]
[WhiteTitle "IM"]
[BlackTitle "GM"]
[WhiteElo "2245"]
[BlackElo "2557"]
[WhiteTeam "Guildford"]
[BlackTeam "Guildford"]
[WhiteFideId "400467"]
[BlackFideId "609404"]
[EventDate "2017.11.11"]

1. d4 d5 2. Bg5 f6 3. Bf4 Nc6 4. Nf3 g5 5. Bg3 g4 6. Nh4 f5 7. Qd3 e6 8. h3 f4
9. hxg4 fxg3 10. Ng6 Qg5 11. f4 Qxg6 12. Qxg6+ hxg6 13. Rxh8 Nxd4 14. Na3 Bxa3
15. O-O-O Bd6 16. e3 Kf8 17. Rxd4 Kg7 18. Rh3 c6 19. Be2 e5 20. fxe5 Bxe5 21.
Rd1 Nf6 22. Rdh1 Bxg4 23. Bxg4 Nxg4 24. Rh7+ Kf6 25. Rf1+ Kg5 26. Rf3 Nxe3 0-1

[Event "4NCL 2017-18"]
[Site "England ENG"]
[Date "2018.03.18"]
[Round "8.17"]
[White "Hebden, Mark L"]
[Black "Ciuksyte, Dagne"]
[Result "1-0"]
[WhiteTitle "GM"]
[BlackTitle "IM"]
[WhiteElo "2458"]
[BlackElo "2308"]
[WhiteTeam "Guildford"]
[BlackTeam "Guildford"]
[WhiteFideId "400084"]
[BlackFideId "12800619"]
[EventDate "2017.11.11"]

1. d4 Nf6 2. Nf3 e6 3. e3 c5 4. c4 d5 5. cxd5 exd5 6. Bb5+ Nc6 7. O-O Bd6 8. Qc2
Qb6 9. dxc5 Bxc5 10. Nc3 O-O 11. Bxc6 Qxc6 12. b3 Bg4 13. Na4 Bd6 14. Qxc6 bxc6
15. Bb2 Rac8 16. Rac1 Nd7 17. Rfd1 Rfd8 18. h3 Be6 19. Rd2 c5 20. Ba3 Bf8 21.
Rdc2 c4 22. Bxf8 Kxf8 23. Nd4 Ne5 24. bxc4 Nd3 25. Rb1 dxc4 26. Rb7 Bd5 27. Rxa7
Bxg2 28. Nb6 Bxh3 29. Nxc8 Rxc8 30. Ra4 Ne5 31. f4 Nd3 32. Raxc4 Re8 33. R4c3
Rxe3 34. Re2 Rxe2 35. Nxe2 Bf5 36. a4 Ke8 37. a5 Nb4 38. Nd4 Bd7 39. Nb3 Nc6 40.
a6 Kd8 41. Nd4 Na7 42. Kf2 h5 43. Kg3 g6 44. Kh4 f6 45. Rc1 g5+ 46. fxg5 fxg5+
47. Kxg5 Bc8 48. Nc6+ Nxc6 49. Rxc6 Kd7 50. Rh6 Kc7 51. a7 1-0

[Event "4NCL 2017-18"]
[Site "England ENG"]
[Date "2018.03.18"]
[Round "8.18"]
[White "Golding, Alex"]
[Black "Milliet, Sophie"]
[Result "1-0"]
[BlackTitle "IM"]
[WhiteElo "2224"]
[BlackElo "2391"]
[WhiteTeam "Guildford"]
[BlackTeam "Guildford"]
[WhiteFideId "427241"]
[BlackFideId "623725"]
[EventDate "2017.11.11"]

1. e4 c5 2. Nf3 d6 3. d4 cxd4 4. Nxd4 Nf6 5. Nc3 a6 6. f3 e5 7. Nb3 Be6 8. Be3
h5 9. Qd2 Nbd7 10. Nd5 Bxd5 11. exd5 g6 12. c4 Rc8 13. a4 Bg7 14. Bd3 O-O 15.
O-O b6 16. a5 Nc5 17. Nxc5 bxc5 18. h3 Rb8 19. Ra2 Re8 20. Bg5 Rb4 21. Qc2 Qb8
22. Bd2 Rb7 23. Bc3 Qc7 24. Raa1 h4 25. Qf2 Bh6 26. Qxh4 Be3+ 27. Kh1 Nh5 28.
Rfb1 Bf4 29. g4 Bg3 30. Qg5 Bf4 31. Qh4 Ng3+ 32. Kg2 Kg7 33. g5 Nh5 34. Qg4 Rh8
35. Re1 Qe7 36. h4 f5 37. gxf6+ Qxf6 38. Re4 Qf5 39. Rg1 Nf6 40. Qxf5 gxf5 41.
Rxf4 exf4 42. Bxf5 Rh6 43. Kh3+ Kf8 44. Bc8 Rbh7 45. Bxf6 Rxf6 46. Be6 Rg7 47.
Rg5 Rfg6 48. Kg4 Rh6 49. h5 Rgh7 50. Bf5 Rb7 51. Kxf4 Rxb2 52. Bg6 Rh8 53. Rg1
Rb3 54. Re1 Rc3 55. Re4 Kg7 56. Kg4 Kh6 57. f4 Rc1 58. Re6 Rg1+ 59. Kf5 Rf8+ 60.
Rf6 Rxf6+ 61. Kxf6 1-0

[Event "4NCL 2017-18"]
[Site "England ENG"]
[Date "2018.03.18"]
[Round "8.21"]
[White "Wells, Peter K"]
[Black "Turner, Matthew J"]
[Result "1/2-1/2"]
[WhiteTitle "GM"]
[BlackTitle "GM"]
[WhiteElo "2418"]
[BlackElo "2529"]
[WhiteTeam "White Rose"]
[BlackTeam "Barbican 4NCL"]
[WhiteFideId "400327"]
[BlackFideId "402893"]
[EventDate "2017.11.11"]

1. d4 d5 2. c4 c6 3. Nc3 Nf6 4. e3 g6 5. Nf3 Bg7 6. Be2 O-O 7. O-O Bg4 8. cxd5
Nxd5 9. h3 Bxf3 10. Bxf3 Nb6 11. b3 1/2-1/2

[Event "4NCL 2017-18"]
[Site "England ENG"]
[Date "2018.03.18"]
[Round "8.22"]
[White "Parker, Jonathan F"]
[Black "Alsina Leal, Daniel"]
[Result "1/2-1/2"]
[WhiteTitle "GM"]
[BlackTitle "GM"]
[WhiteElo "2530"]
[BlackElo "2487"]
[WhiteTeam "Barbican 4NCL"]
[BlackTeam "White Rose"]
[WhiteFideId "400580"]
[BlackFideId "2252627"]
[EventDate "2017.11.11"]

1. Nf3 Nf6 2. g3 d5 3. Bg2 c6 4. O-O Bf5 5. d3 h6 6. c4 e6 7. Qb3 Qb6 8. Qxb6
axb6 9. Nc3 dxc4 10. dxc4 Nbd7 11. Bf4 g5 12. Be3 Bc5 13. Bxc5 bxc5 14. Rfd1 Ke7
15. Rd2 Nb6 16. b3 Rhd8 17. Rad1 Rxd2 18. Rxd2 Ne4 19. Nxe4 Bxe4 20. Ne1 Bxg2
21. Kxg2 Ra3 22. Nd3 Nd7 23. f4 gxf4 24. gxf4 b5 25. Rc2 Kd6 26. Nf2 f5 27. e4
bxc4 28. bxc4 Nb6 29. exf5 exf5 30. Nh1 Ke6 31. Ng3 Kf6 32. Nh5+ Kg6 33. Ng3 Kf6
34. Nh5+ Kg6 35. Ng3 Ra4 36. Re2 Nxc4 37. Re6+ Kf7 38. Rxc6 Ne3+ 39. Kf3 Nd5 40.
Rxc5 Ra3+ 41. Kf2 Rxa2+ 42. Kg1 Ra1+ 43. Kf2 Ra2+ 44. Kg1 Ra1+ 1/2-1/2

[Event "4NCL 2017-18"]
[Site "England ENG"]
[Date "2018.03.18"]
[Round "8.23"]
[White "Adair, James R"]
[Black "Dorrington, Chris J"]
[Result "1-0"]
[WhiteTitle "IM"]
[WhiteElo "2486"]
[BlackElo "2308"]
[WhiteTeam "White Rose"]
[BlackTeam "Barbican 4NCL"]
[WhiteFideId "406252"]
[BlackFideId "410462"]
[EventDate "2017.11.11"]

1. e4 c5 2. Nf3 e6 3. d4 cxd4 4. Nxd4 Nf6 5. Nc3 d6 6. g4 Nc6 7. g5 Nd7 8. Be3
a6 9. f4 Qc7 10. h4 b5 11. Nxc6 Qxc6 12. Qd4 Qc5 13. Qd2 Qc7 14. a3 Bb7 15. h5
h6 16. g6 f5 17. Bg2 fxe4 18. Bh3 Nb6 19. Bxb6 Qxb6 20. Bxe6 e3 21. Qh2 e2 22.
Bd5 Kd7 23. Qf2 Qxf2+ 24. Kxf2 Bc6 25. Kxe2 Be7 26. Rhd1 Rac8 27. a4 Bxd5 28.
Nxd5 Rxc2+ 29. Rd2 Rxd2+ 30. Kxd2 bxa4 31. Rxa4 Rb8 32. Rxa6 Rxb2+ 33. Kc3 Rb7
34. f5 Bh4 35. Kc4 Bg5 36. Ra8 Bd8 37. f6 Bxf6 38. Nxf6+ Ke6 39. Nd5 Kf5 40.
Rf8+ Ke5 41. Rf7 Rb1 42. Re7+ Kf5 43. Rxg7 Rc1+ 44. Kb3 Ke5 45. Ne7 Ke6 46. Rh7 1-0

[Event "4NCL 2017-18"]
[Site "England ENG"]
[Date "2018.03.18"]
[Round "8.24"]
[White "Jackson, James P"]
[Black "McNab, Colin A"]
[Result "1/2-1/2"]
[WhiteTitle "FM"]
[BlackTitle "GM"]
[WhiteElo "2364"]
[BlackElo "2416"]
[WhiteTeam "Barbican 4NCL"]
[BlackTeam "White Rose"]
[WhiteFideId "416860"]
[BlackFideId "2400030"]
[EventDate "2017.11.11"]

1. e4 g6 2. d4 d6 3. Nc3 Bg7 4. Be3 Nf6 5. Qd2 c6 6. Bh6 Bxh6 7. Qxh6 Qa5 8. Bd3
c5 9. Nf3 cxd4 10. Nxd4 Nc6 11. Bb5 Bd7 12. O-O-O a6 13. Nb3 Qb6 14. Bxc6 bxc6
15. f3 a5 16. e5 dxe5 17. Na4 Qb4 18. Nbc5 Qf4+ 19. Qxf4 exf4 20. Rd4 O-O-O 21.
Rxf4 g5 22. Rd4 Bf5 23. Rhd1 Rxd4 24. Rxd4 Kc7 25. c4 h5 26. b3 g4 27. f4 h4 28.
Nc3 g3 29. hxg3 hxg3 30. Ne2 Rh1+ 31. Rd1 Rxd1+ 32. Kxd1 Nh5 33. Kd2 Kd6 34.
Nb7+ Kc7 35. Nc5 Kd6 36. Nb7+ Kc7 37. Nc5 1/2-1/2

[Event "4NCL 2017-18"]
[Site "England ENG"]
[Date "2018.03.18"]
[Round "8.25"]
[White "Gourlay, Iain"]
[Black "Griffiths, Ryan Rhys"]
[Result "1-0"]
[WhiteTitle "FM"]
[BlackTitle "FM"]
[WhiteElo "2369"]
[BlackElo "2353"]
[WhiteTeam "White Rose"]
[BlackTeam "Barbican 4NCL"]
[WhiteFideId "2401533"]
[BlackFideId "2502054"]
[EventDate "2017.11.11"]

1. c4 c5 2. g3 g6 3. Bg2 Bg7 4. Nc3 Nc6 5. a3 e6 6. Rb1 a5 7. e4 Nge7 8. Nge2
O-O 9. O-O d6 10. Nb5 e5 11. d3 Be6 12. Bd2 f5 13. exf5 Bxf5 14. Bg5 Bf6 15. Bh6
Rf7 16. Nec3 Be6 17. Ne4 Nf5 18. Be3 Be7 19. Qd2 Qd7 20. Bg5 Kg7 21. Bxe7 Rxe7
22. f4 Rf8 23. Rbe1 b6 24. g4 Nfd4 25. f5 gxf5 26. gxf5 Rxf5 27. Nbxd6 Rxf1+ 28.
Rxf1 Qd8 29. Rf6 Kg8 30. Qh6 Bf7 31. Ng5 1-0

[Event "4NCL 2017-18"]
[Site "England ENG"]
[Date "2018.03.18"]
[Round "8.26"]
[White "Devereaux, Maxim L"]
[Black "Chow, Samuel"]
[Result "1/2-1/2"]
[WhiteTitle "IM"]
[BlackTitle "FM"]
[WhiteElo "2350"]
[BlackElo "2306"]
[WhiteTeam "Barbican 4NCL"]
[BlackTeam "White Rose"]
[WhiteFideId "408280"]
[BlackFideId "3202992"]
[EventDate "2017.11.11"]

1. e4 e6 2. d4 d5 3. Nc3 Nf6 4. Bg5 Be7 5. e5 Nfd7 6. h4 h6 7. Bxe7 Qxe7 8. Qg4
O-O 9. Nf3 c5 10. O-O-O Nc6 11. Qg3 cxd4 12. Nb5 f6 13. exf6 Qxf6 14. Nbxd4 Nc5
15. Nxc6 bxc6 16. Bd3 Ba6 17. Rhe1 Rab8 18. Qe5 Bxd3 19. cxd3 Rb4 20. Qxf6 Rxf6
21. Re2 Rg4 22. Rc2 Nd7 23. Ne1 Rxh4 24. Rxc6 Rxf2 25. Rd2 Rxd2 26. Kxd2 Ra4 27.
a3 Kf7 28. Rc7 Ke7 29. Rc8 a6 30. Ke3 Ne5 31. Nf3 Ng4+ 32. Ke2 g5 33. Rc6 Kf6
34. Rc8 e5 35. Rf8+ Ke7 36. Ra8 Ke6 37. Nd2 Kf5 38. Rf8+ Kg6 39. Rd8 Rf4 40.
Rd6+ Kf5 41. g3 Rf2+ 42. Ke1 Rg2 43. Nf1 Rxb2 44. Rxa6 e4 45. dxe4+ Kxe4 46.
Ra4+ d4 47. Rb4 Rg2 48. a4 Kd3 49. Rb3+ Kc4 50. Ra3 Ne5 51. a5 Rb2 52. Nd2+ Kd5
53. a6 Rb8 54. Ra5+ Ke6 55. Ke2 Ra8 56. Ra4 Nc6 57. Kf3 Nb8 58. Nb3 d3 59. Nc5+
Kd6 1/2-1/2

[Event "4NCL 2017-18"]
[Site "England ENG"]
[Date "2018.03.18"]
[Round "8.27"]
[White "Weller, Jean-Luc"]
[Black "Sowray, Peter J"]
[Result "1-0"]
[BlackTitle "FM"]
[WhiteElo "2274"]
[BlackElo "2365"]
[WhiteTeam "White Rose"]
[BlackTeam "Barbican 4NCL"]
[WhiteFideId "421936"]
[BlackFideId "400971"]
[EventDate "2017.11.11"]

1. d4 d5 2. c4 e6 3. g3 Nf6 4. Nf3 dxc4 5. Bg2 a6 6. O-O Nc6 7. e3 Bd7 8. Qe2
Bd6 9. Qxc4 O-O 10. Nbd2 Rb8 11. b3 e5 12. Bb2 Qe7 13. Rfc1 exd4 14. Nxd4 Ne5
15. Qc2 g6 16. N4f3 Nxf3+ 17. Bxf3 Ng4 18. Nc4 Qg5 19. Rd1 Rbe8 20. h4 Qe7 21.
Nxd6 cxd6 22. Qc7 Bc8 23. Qxe7 Rxe7 24. Rxd6 Rc7 25. Rc1 Rxc1+ 26. Bxc1 h5 27.
Bb2 Re8 28. Bd5 Kf8 29. e4 f5 30. Rxg6 Ke7 31. Ba3+ Kd8 32. Bc1 fxe4 33. Rg7 e3
34. fxe3 Nxe3 35. Bf3 Bg4 36. Bxb7 Re6 37. Bd2 Nf5 38. Bg5+ Ke8 39. Rg8+ Kf7 40.
Bd5 Kxg8 41. Bxe6+ Kg7 42. Kf2 Kg6 43. Bc4 a5 44. Bd8 Nd6 45. Bd3+ Bf5 46. Bxf5+
Kxf5 47. Bxa5 Ne4+ 48. Kf3 Nc5 49. Bc3 Nd3 50. Bd2 Ne5+ 51. Ke2 Kg4 52. Bf4 Nc6
53. Kd2 1-0

[Event "4NCL 2017-18"]
[Site "England ENG"]
[Date "2018.03.18"]
[Round "8.28"]
[White "Sahl, Sheila Barth"]
[Black "Maroroa, Sue"]
[Result "1/2-1/2"]
[WhiteTitle "WIM"]
[BlackTitle "WIM"]
[WhiteElo "2136"]
[BlackElo "2104"]
[WhiteTeam "Barbican 4NCL"]
[BlackTeam "White Rose"]
[WhiteFideId "1500953"]
[BlackFideId "4301498"]
[EventDate "2017.11.11"]

1. e4 e5 2. Nf3 Nc6 3. Bc4 Bc5 4. d3 a6 5. c3 Nf6 6. b4 Ba7 7. O-O d6 8. Nbd2
Ne7 9. Re1 Ng4 10. Re2 Ng6 11. Nf1 O-O 12. h3 Nf6 13. Ng3 Be6 14. Bb3 Qd7 15.
Bxe6 fxe6 16. d4 exd4 17. cxd4 e5 18. dxe5 dxe5 19. Qxd7 Nxd7 20. Rd2 Nb8 21.
Bb2 Nc6 22. a3 Rae8 23. Rd7 Bb6 24. Rad1 Re7 25. Nf5 Rxd7 26. Rxd7 Rf7 27. Rxf7
Kxf7 28. Ng5+ Kg8 29. Ne6 Kf7 30. Ng5+ Kg8 31. Ne6 Kf7 32. Ng5+ Kg8 1/2-1/2

[Event "4NCL 2017-18"]
[Site "England ENG"]
[Date "2018.03.18"]
[Round "8.32"]
[White "Christiansen, Johan-Sebastian"]
[Black "Zakarian, David"]
[Result "1/2-1/2"]
[WhiteTitle "IM"]
[BlackTitle "FM"]
[WhiteElo "2499"]
[BlackElo "2354"]
[WhiteTeam "Barbican 4NCL"]
[BlackTeam "Oxford"]
[WhiteFideId "1512668"]
[BlackFideId "13301276"]
[EventDate "2017.11.11"]

1. c4 c5 2. Nf3 Nc6 3. g3 g6 4. Bg2 Bg7 5. Nc3 e5 6. O-O Nge7 7. Ne1 d6 8. Nc2
Be6 9. Ne3 O-O 10. a3 Qd7 11. Ned5 Bh3 12. d3 Bxg2 13. Kxg2 Nxd5 14. cxd5 Ne7
15. Bd2 Rac8 16. e4 f5 17. f4 c4 18. fxe5 dxe5 19. Bg5 Kh8 20. Rc1 Ng8 21. Be3
b6 22. dxc4 Rxc4 23. Qd3 Rd4 24. Bxd4 exd4 25. Qb5 Qe7 26. d6 Qxd6 27. Nd5 Rd8
28. Nc7 d3 29. Ne8 Qe5 30. Qxe5 Bxe5 31. exf5 Rxe8 32. fxg6 hxg6 33. Rcd1 Rd8
34. Rd2 Kg7 35. Rfd1 Nf6 1/2-1/2

[Event "4NCL 2017-18"]
[Site "England ENG"]
[Date "2018.03.18"]
[Round "8.33"]
[White "Wu, Christopher"]
[Black "Fitzsimons, David"]
[Result "0-1"]
[WhiteTitle "FM"]
[BlackTitle "FM"]
[WhiteElo "2340"]
[BlackElo "2323"]
[WhiteTeam "Oxford"]
[BlackTeam "Wood Green"]
[WhiteFideId "2040875"]
[BlackFideId "2501961"]
[EventDate "2017.11.11"]

1. d4 Nf6 2. c4 g6 3. Nc3 Bg7 4. e4 d6 5. h3 O-O 6. Be3 e5 7. d5 Na6 8. g4 Nc5
9. Bg2 a5 10. Nge2 h5 11. g5 Nfd7 12. O-O Nb6 13. b3 a4 14. Qc2 f5 15. gxf6 Qxf6
16. Rab1 axb3 17. axb3 Qh4 18. Kh2 g5 19. Qd2 Bf6 20. f3 g4 21. fxg4 hxg4 22.
Ng3 gxh3 23. Bh1 Nxb3 24. Rxb3 Nxc4 25. Qe2 Nxe3 26. Qxe3 Bg5 27. Rxf8+ Kxf8 28.
Qf2+ Bf4 29. Nb5 Ra1 30. Rd3 Rc1 31. Nd4 Ke7 32. Ne2 Rc2 33. Rc3 Rxc3 34. Nxc3
Bg4 35. Bf3 Qxg3+ 36. Qxg3 Bxf3 37. Kxh3 Bxg3 38. Kxg3 Bh5 39. Kf2 c5 40. dxc6
bxc6 41. Ke3 Bf7 42. Ne2 d5 43. exd5 cxd5 44. Kd3 Bg6+ 45. Ke3 Kd6 46. Nc1 d4+
47. Kd2 Kd5 48. Ne2 Kc4 49. Ng3 e4 50. Nf1 Bh5 51. Ng3 e3+ 52. Ke1 Bg6 53. Ke2
Kc3 54. Ke1 d3 55. Kd1 Kb2 0-1

[Event "4NCL 2017-18"]
[Site "England ENG"]
[Date "2018.03.18"]
[Round "8.34"]
[White "Harvey, Marcus R"]
[Black "Claridge-Hansen, William"]
[Result "1-0"]
[WhiteTitle "FM"]
[BlackTitle "FM"]
[WhiteElo "2358"]
[BlackElo "2276"]
[WhiteTeam "Wood Green"]
[BlackTeam "Oxford"]
[WhiteFideId "400092"]
[BlackFideId "422509"]
[EventDate "2017.11.11"]

1. f4 c5 2. Nf3 g6 3. g3 Bg7 4. Bg2 Nc6 5. O-O d6 6. e4 e5 7. d3 Nge7 8. Nc3 O-O
9. Nd5 Nxd5 10. exd5 Ne7 11. fxe5 Nxd5 12. Bg5 Qc7 13. Nd2 Be6 14. exd6 Qxd6 15.
Ne4 Qc7 16. Qd2 f5 17. Nc3 Nxc3 18. bxc3 Rae8 19. Rab1 b6 20. c4 Bd7 21. Bd5+
Kh8 22. Bf4 Be5 23. Rbe1 Bxf4 24. gxf4 Ba4 25. c3 Bc6 26. d4 Bxd5 27. cxd5 Qd6
28. Re5 g5 29. Rfe1 gxf4 30. Rxe8 Qg6+ 31. Kf2 Rxe8 32. Rxe8+ Qxe8 33. dxc5 bxc5
34. d6 Qh5 35. Qxf4 Qd1 36. Qe5+ Kg8 37. Qe6+ Kg7 38. d7 Qd2+ 39. Kf3 Qd3+ 40.
Kf4 Qd2+ 41. Kxf5 Qf2+ 42. Ke5 Qxh2+ 43. Kd5 Qxa2+ 44. Kd6 Qd2+ 45. Kc7 Qxc3 46.
d8=Q 1-0

[Event "4NCL 2017-18"]
[Site "England ENG"]
[Date "2018.03.18"]
[Round "8.35"]
[White "Eckersley-Waites, Tom"]
[Black "Houska, Jovanka"]
[Result "0-1"]
[WhiteTitle "FM"]
[BlackTitle "IM"]
[WhiteElo "2302"]
[BlackElo "2420"]
[WhiteTeam "Oxford"]
[BlackTeam "Wood Green"]
[WhiteFideId "412449"]
[BlackFideId "405094"]
[EventDate "2017.11.11"]

1. e4 c6 2. d4 d5 3. e5 Bf5 4. Nc3 a6 5. Nce2 e6 6. Ng3 Bg6 7. h4 h5 8. Nh3 c5
9. Nf4 cxd4 10. Nxg6 fxg6 11. Bd3 Ne7 12. Ne2 Qc7 13. O-O Nbc6 14. Nf4 Kf7 15.
Nh3 Nf5 16. Ng5+ Ke7 17. c4 dxc3 18. bxc3 Kd7 19. Be4 Qxe5 20. Re1 Bd6 21. Bxf5
Qxf5 22. Qb3 b5 23. Rxe6 Rhe8 24. Rxe8 Rxe8 25. Be3 Na5 26. Qd1 Nc4 27. a4 Nxe3
28. fxe3 Qe5 29. Nf3 Qxe3+ 30. Kh1 Qxc3 31. axb5 axb5 32. Rc1 Qb2 33. Rb1 Qa2
34. Rxb5 Qe2 35. Qa4 Qe1+ 36. Ng1 Ke6 37. Rb1 Qxb1 38. Qxe8+ Kf6 39. Qd8+ Ke5
40. Qd7 Bc5 41. Qc7+ Kd4 42. Kh2 Kc4 43. Nf3 Qb6 44. Qf7 Bd6+ 45. Kh3 Bb8 46.
Nd2+ Kc5 47. g3 Qf6 48. Qe8 Qf5+ 49. Kg2 Qe5 50. Qf8+ Bd6 51. Qf2+ Kc6 52. Nf3
Qe4 53. Qa2 Kd7 54. Qa7+ Bc7 55. Qf2 Kc6 56. Qa2 Bb6 57. Qa6 Kc7 58. Qa2 Kb7 59.
Qb3 Qc4 60. Qa3 Qe2+ 61. Kh3 Qe6+ 62. Kh2 d4 63. Qd3 Qe3 64. Qxe3 dxe3 65. Ng1
Kc6 66. Kg2 Kd5 67. Kf3 Kd4 68. Ne2+ Kd3 69. Nf4+ Kd2 70. Ne2 Bd8 71. Ng1 g5 72.
hxg5 Bxg5 73. Ke4 e2 74. Kf5 h4 0-1

[Event "4NCL 2017-18"]
[Site "England ENG"]
[Date "2018.03.18"]
[Round "8.36"]
[White "Weaving, Richard"]
[Black "Hansen, Hans-Peter"]
[Result "1/2-1/2"]
[WhiteTitle "FM"]
[WhiteElo "2333"]
[BlackElo "2194"]
[WhiteTeam "Wood Green"]
[BlackTeam "Oxford"]
[WhiteFideId "401161"]
[BlackFideId "1503502"]
[EventDate "2017.11.11"]

1. e4 c5 2. Nf3 g6 3. c3 d5 4. exd5 Qxd5 5. d4 Bg7 6. Be3 cxd4 7. cxd4 Qa5+ 8.
Nc3 Nh6 9. Bc4 O-O 10. O-O Nf5 11. Qe2 Nd6 12. Bb3 Bg4 13. h3 Bxf3 14. Qxf3 Nc6
15. Rad1 Nf5 16. Qe4 Nd6 17. Qg4 Rac8 18. Rfe1 Qf5 19. Qe2 Rfd8 20. d5 Na5 21.
Bxa7 Nxb3 22. axb3 Rd7 23. Bd4 Qf4 24. Bxg7 Kxg7 25. Qd3 Qb4 26. Qd4+ Qxd4 27.
Rxd4 Ne8 28. Red1 Rcd8 29. f4 Nf6 30. Kf2 e6 31. d6 Nd5 32. Nb5 Rc8 33. Rc4 Rc6
34. Kf3 Nb6 35. Rxc6 bxc6 36. Nc7 Nd5 37. Ke4 Nxc7 38. dxc7 Rxc7 39. Ke5 Rb7 40.
Rd3 Rb4 41. Rf3 h6 42. Kd6 g5 43. g3 gxf4 44. gxf4 Kf6 45. Kxc6 Rb8 46. Kc5 Rc8+
47. Kb6 Rb8+ 48. Kc5 Rc8+ 49. Kd4 Rb8 50. Kc3 Rc8+ 51. Kd3 Rb8 52. Kc2 Kf5 53.
Kc3 Ke4 54. Rf1 Rc8+ 55. Kd2 Rb8 56. Kc3 Rc8+ 57. Kd2 Rb8 1/2-1/2

[Event "4NCL 2017-18"]
[Site "England ENG"]
[Date "2018.03.18"]
[Round "8.37"]
[White "Asenov, Pavel"]
[Black "Valdes Escobar, Alvaro"]
[Result "0-1"]
[BlackTitle "IM"]
[WhiteElo "2149"]
[BlackElo "2360"]
[WhiteTeam "Oxford"]
[BlackTeam "Wood Green"]
[WhiteFideId "433705"]
[BlackFideId "3405451"]
[EventDate "2017.11.11"]

1. d4 Nf6 2. c4 e6 3. Nc3 Bb4 4. e3 O-O 5. Ne2 d5 6. a3 Be7 7. cxd5 exd5 8. Nf4
c6 9. Bd3 Re8 10. O-O Nbd7 11. f3 Nf8 12. Bc2 Bd6 13. e4 dxe4 14. fxe4 Bg4 15.
Qd3 c5 16. e5 cxd4 17. exd6 dxc3 18. Qd4 Rc8 19. bxc3 Rc6 20. Qxa7 Qxd6 21. Qf2
Ne4 22. Bxe4 Rxe4 23. h3 Be6 24. Rb1 Bc4 25. Re1 Rxe1+ 26. Qxe1 g5 27. Ne2 Qd3
28. Rb2 Re6 29. Bxg5 Rxe2 30. Rxe2 Qxe2 31. Qg3 Qf1+ 32. Kh2 Qd3 33. Qb8 Qg6 34.
Be7 Qg7 35. Qd8 f5 36. Bd6 Bd5 37. g3 Bc6 38. Qb8 Qf7 39. Kg1 Kg7 40. Be5+ Kg6
41. Qd8 Ne6 42. Qh4 Ng5 0-1